000 00384nam a2200133Ia 4500
008 220204s9999 xx 000 0 und d
082 _a551.435.77(544,6)
_bMEN
100 _aMENSCHING, Horst G
245 0 _aResource management in drylands: The Rajasthan example.
260 _aDelhi
_bRajesh Publication
_c1984
650 _aDryland resources
700 _aSHARMA, R L
942 _cBK
999 _c38122
_d38122